000
00228 a2200097 4500
001
58650
100
_a
245
_a
Pakistan; the cultural heritage
260
_a
Lahore
_b
Sang-e- Meel Publications
_c
1998
090
_c
35974
_d
35974
942
_a
NUST-CAE
_c
_c
28862
999
_c
293723
_d
293723